000
00271nam a2200133Ia 4500
100
_a
Kamenihny/I
942
_c
BK
654
_a
heat
245
_a
Heat Treatment Hand Book
260
_b
Mir Publishers
_c
2001
082
_a
671.3
300
_a
275
546
_a
ENGLISH
999
_c
19759
_d
19759